| 000 | 00558nmm a2200193Ia 4500 | ||
|---|---|---|---|
| 008 | 251105s9999||||xx |||||||||||||||||und|| | ||
| 020 | _a9788493659752 | ||
| 041 | _aspa | ||
| 100 | _aFeliu Atienza, Luisa | ||
| 245 | 0 | _aNiebla en el puente de Tolbiac | |
| 264 |
_a[Madrid, España] : _bLibros del asteroide, _c2008 |
||
| 300 | _a176 páginas | ||
| 490 | _aLibros del Asteroide | ||
| 650 | _aThriller & Suspense | ||
| 700 | _aFeliu Atienza, Luisa | ||
| 700 | 1 | _a Malet, Léo | |
| 856 | _uhttps://public.digitaliapublishing.com/a/50553 | ||
| 942 | _cCF | ||
| 999 |
_c65307 _d65307 |
||